000 01013nam a2200241 a 4500
001 22128
003 CO-ViMGA
008 141112s2004 ck r 000 u spa d
020 _a95800610193
040 _aCO-ViMGA
_bspa
_cCO-ViMGA
082 0 4 _a923.4 C177a
100 1 _aAranguen Molina, Mauricio
_931473
245 1 0 _aMi Confesión :
_bCarlos Castaño revela sus secretos
250 _a11
260 _aBogotá :
_bOveja Negra,
_c2002
300 _a416p
505 _aHistoria de la autodefensa 113 - - Información de Carlos Castaño con el amigo sibarita 235 - - Las Farc entre el romance y la muerte 255 - - Las convenciones secretas : el gobierno de pastrana y las autodefensas 317
590 _aForma de adquisición : Compra - - Precio : 35.800 - - Proveedor : Bernalibros - - Fecha de adquisición : Octubre 2007
650 1 4 _aCARLOS CASTAÑO - CORRESPONDENCIA, MEMORIAS, ETC
_931474
650 1 4 _aCASTAÑO CARLOS - PENSAMIENTO POLÍTICO
_931475
650 1 4 _aPARAMILITARISMO
942 _2ddc
_cBK
999 _c10237
_d10237